Представление документа в формате RUSMARC

ПолеНазваниеЗначение
  Тип записи a
  Библиографический уровень m
001 Контрольный номер RU/ГПНТБ России/EK/84(Вел)/Д 18-381804190
005 Дата корректировки 20230707133312.4
010 Индекс ISBN __
a ISBN 978-5-906986-36-8
b Уточнения в пер.
9 Тираж 7000
d Цена 331-17
100 Данные общей обработки __
a Данные общей обработки 20200326d2019 ma y0rusy0289
101 Язык документа 1_
a Язык текста rus
c Язык оригинала eng
102 Страна публикации __
a Страна публикации RU
105 Кодированные данные (монография) __
a Кодированные данные (монография) y zz 000zy
181 Поле кодированных данных: вид содержания _0
a Код вида содержания (ISBD) i
182 Поле кодированных данных: тип средства _0
a Код типа средства (ISBD) n
200 Заглавие и сведения об ответственности 1_
a Заглавие Изменник
e Сведения, относящиеся к заглавию роман
f Первые сведения об ответственности Хелен Данмор
g Последующие сведения об ответственности перевела с английского Мария Валеева
g Последующие сведения об ответственности художник Алексей Вайнер
210 Выходные данные 1_
a Место издания Санкт-Петербург
c Издательство Аркадия
d Дата издания 2019
215 Физическое описание __
a Объем 478 с.
d Формат 21 см
225 Серия (Журнальная рубрика) 2_
a Серия (Журнальная рубрика) Memory
320 Библиография __
a Библиография Библиография: с. 475-478
333 Примечание о целевом назначении __
a Примечание о целевом назначении 16+
454 Оригинал _0
1 700 1
a Dunmore
g Helen
1 2001
a THE BETRAYAL
f Helen Dunmore
606 Тематические рубрики __
a Основная рубрика Художественная литература
606 Тематические рубрики __
a Основная рубрика Литература Европы (произведения)
610 Ключевые слова 1_
a Ключевые слова английская литература
a Ключевые слова романы
a Ключевые слова тема врачей
686 Индексы других классификаций __
2 Код системы rubbk
a Индекс ББК 84(4Вел)6-4
700 Автор _1
a Фамилия Данмор
b Имя Х.
g Полное личное имя Хелен
f Даты 1952-2017
4 Код отношения 070
702 Вторичная интеллектуальная ответственность _1
a Фамилия Валеева
b Имя М.
g Полное личное имя Мария
4 Код отношения 730
702 Вторичная интеллектуальная ответственность _1
a Фамилия Вайнер
b Имя А.
g Полное личное имя Алексей
4 Код отношения 440
801 Источник записи _0
b Организация ГПНТБ России
a Страна RU
c Дата составления 20200326
801 Источник записи _1
b Организация ГПНТБ России
a Страна RU
c Дата составления 20200326
801 Источник записи _2
a Страна RU
b Организация Центральная районная библиотека им. Г. А. Пирожникова
c Дата составления 20200326
852 Данные о местонахождении __
j Шифр хранения 84(4Вел)6
i Авторский знак Д 186
901 Тип документа __
t Тип документа m
902 Роль лиц __
b Редактор БЗ ОКИО/Шумских